00372nam a2200169Ia 4500003000900000008004100009040001300050040001300063041000800076100002300084245004800107250001100155260001100166260000900177300001000186490000600196IT-RoPAU120407s9999 xx 000 0 und d aIT-RoPAU cIT-RoPAU aita aGiacomo Prampolini aLa Mitologia, nella vita dei popoli (lusso) aMilano aHoepli c1942 c31 cm v1